|
|
|
|
| LEADER |
00000nab a2200000 a 4500 |
| 001 |
vtls000763117 |
| 003 |
SK-MaSNL |
| 005 |
20260302153946.0 |
| 008 |
140423c2001 xo 0 slo |
| 015 |
|
|
|a SNBRB2001/07-21189
|
| 035 |
|
|
|a CLN000114904
|
| 040 |
|
|
|a SNKBUCL
|b slo
|c SNKBUCL
|e AACR2
|
| 041 |
0 |
|
|a slo
|
| 044 |
|
|
|a xo
|c SK
|
| 080 |
|
|
|a 82:929:859.0
|2 1997
|
| 080 |
|
|
|a 859.0:929
|2 1997
|
| 080 |
|
|
|a 929 Barborică, Corneliu
|2 1997
|
| 080 |
|
|
|a 801-051
|2 1997
|
| 100 |
1 |
|
|a Gáfrik, Michal,
|d 1931-2015
|4 aut
|9 163524
|
| 245 |
1 |
0 |
|a Jubileum rumunského priateľa
|c Michal Gáfrik
|
| 300 |
|
|
|b Fotogr.
|
| 600 |
1 |
7 |
|a Barborică, Corneliu,
|d 1931-2017
|2 snkbucl
|9 103662
|
| 655 |
|
7 |
|a články z novín a časopisov
|2 snkbucl
|9 267496
|
| 773 |
0 |
|
|t Literárny týždenník
|g Roč. 14, č. 17 (2001), s. 3
|x 0862-5999
|
| 850 |
|
|
|a Slovenská národná knižnica v Martine
|
| 852 |
|
|
|a SNK
|b KIS3GCP
|
| 958 |
|
|
|a SK
|
| 958 |
|
|
|a LX
|
| 958 |
|
|
|a RO
|
| 992 |
|
|
|a RBX
|
| 999 |
|
|
|c 1367049
|d 1368979
|